LEADER 00800nam0-22003011i-450- 001 990003289520403321 005 20001010 035 $a000328952 035 $aFED01000328952 035 $a(Aleph)000328952FED01 035 $a000328952 100 $a20000920d1959----km-y0itay50------ba 101 0 $aita 105 $ay-------001yy 200 1 $a<>MERCATO AMERICANO DELLE FRUTTE SECCHE 210 $aRoma$cBorgia$d1959 215 $app. 277 610 0 $aNoci 676 $a050.007 710 02$aItalia.$bMinistero del commercio con l'estero$0374724 801 0$aIT$bUNINA$gRICA$2UNIMARC 901 $aBK 912 $a990003289520403321 952 $a050.007.MIN$b684$fDECGE 959 $aDECGE 996 $aMERCATO AMERICANO DELLE FRUTTE SECCHE$9445681 997 $aUNINA DB $aING01 LEADER 01865nam a2200313 i 4500 001 991001571309707536 005 20250403160402.0 008 980702e1995 it ||| | ita| 035 $ab10871275-39ule_inst 082 04$a945.7084 111 2 $aConvegno di studi sui problemi del Mezzogiorno$d<1944 ;$cBari>$0119141 245 10$aAtti del Convegno di studi sui problemi del Mezzogiorno :$bBari, 3-4-5 dicembre 1944 /$cediti a cura del Centro permanente pei problemi del Mezzogiorno ; [ristampa a cura di Vito Antonio Leuzzi] 246 14$aDati storici e prospettive attuali della questione meridionale : atti del convegno di studi meridionalistici 260 $aModugno :$bEdizioni dal Sud,$c[1995] 300 $a274 p. ;$c21 cm. 500 $aIn testa al front.: Istituto pugliese per la storia dell'antifascismo e dell'Italia contemporanea; Fondazione Gramsci di Puglia 500 $aRipubblicato in occasione del cinquantennale della Resistenza e della liberazione 650 4$aQuestione meridionale$vCongressi$y1944 700 1 $aLeuzzi, Vito Antonio 710 2 $aIstituto pugliese per la storia dell'antifascismo e dell'Italia contemporanea 710 2 $aCentro permanente pei problemi del Mezzogiorno$c$eauthor$4http://id.loc.gov/vocabulary/relators/aut$0119140 907 $a.b10871275$b29-06-21$c28-06-02 912 $a991001571309707536 945 $aLE023 945.708 ATT 1 1$g1$i2023000154434$lle023$o-$pE0.00$q-$rn$so$t0$u0$v0$w0$x0$y.i13261873$z16-04-04 945 $aLE023 945.708 ATT 1 2$g1$i2023000084519$lle023$o-$pE12.00$q-$rl$s-$t0$u2$v0$w2$x0$y.i14223934$z19-04-06 945 $aLE023 945.708$g1$i2023000040270$lle023$on$pE12.00$q-$rl$s-$t0$u0$v0$w0$x0$y.i15963640$z29-06-21 996 $aAtti del convegno di studi sui problemi del Mezzogiorno$91447341 997 $aUNISALENTO 998 $ale023$b15-11-11$cm$da$e-$fita$git$h0$i1